000 00667nam a22001697a 4500
005 20251108164243.0
008 250721s1993 xx 000 0 ara d
082 1 4 _a328.62/عزة
100 1 _aوهبي، عزة
245 1 0 _aالسلطة التشريعية في النظام السياسي المصري بعد يوليو 1952 :
_bدراسة تحليلية في تجربة مجلس الأمة 1957-1958 /
264 1 _aالقاهره :
_bمركز الدراسات السياسية و الإستراتيجية - الأهرام،
_c1993.
300 _a220ص
650 1 7 _aالهيئات التشريعية
650 1 7 _aمصر
942 _2ddc
_cBK
999 _c7561
_d7561